| 000 | 00782cam a2200265 a 4500 | ||
|---|---|---|---|
| 001 | 145141 | ||
| 003 | OSt | ||
| 005 | 20180921 | ||
| 008 | 000000 AD 0000000000 00 | ||
| 110 | _aOrganización Mundial de la Salud. OMS | ||
| 245 |
_aReseña del año OMS / _cReseña del año OMS / |
||
| 260 |
_a[s. l.] : _b[s. n.] |
||
| 300 | _a27 p. | ||
| 650 |
_aCRONOLOGIA _aORGANIZACION MUNDIAL DE LA SALUD |
||
| 700 | _aI. Lee, Jong-Wook | ||
| 040 |
_aDLC _cDLC |
||
| 942 |
_2ddc _cBK |
||
| 999 |
_c145141 _d14514100 |
||